Điều tra thành phần loài thực vật xâm lấn ở tiểu khu phía bắc khu bảo tồn thiên nhiên Sơn Trà - Thành phố Đà Nẵng.
Khái quát chung về sinh vật xâm lấn. Đối tượng địa điểm thời gian nội dng và phương pháp nghiên cứu. Kết quả nghiên cứu và thảo luận.
Đã lưu trong:
| Tác giả chính: | |
|---|---|
| Tác giả khác: | |
| Định dạng: | Sách |
| Ngôn ngữ: | Vietnamese |
| Được phát hành: |
Đại học Đà Nẵng
ĐH Sư phạm
2010
|
| Những chủ đề: | |
| Các nhãn: |
Thêm thẻ
Không có thẻ, Là người đầu tiên thẻ bản ghi này!
|
| Thư viện lưu trữ: | Mạng thư viện Đại học Đà Nẵng |
|---|
| LEADER | 01573nam a2200361 4500 | ||
|---|---|---|---|
| 001 | 000011335 | ||
| 003 | 7575 | ||
| 005 | 20120203150223.0 | ||
| 008 | 120203s2010 viesd | ||
| 041 | |a vie | ||
| 072 | |a Khóa luận tốt nghiệp | ||
| 082 | |a 581.59751 |b NG-H | ||
| 100 | |a Nguyễn, Thu Hiền | ||
| 245 | |a Điều tra thành phần loài thực vật xâm lấn ở tiểu khu phía bắc khu bảo tồn thiên nhiên Sơn Trà - Thành phố Đà Nẵng. |c Nguyễn Thu Hiền | ||
| 260 | |a Đại học Đà Nẵng |b ĐH Sư phạm |c 2010 | ||
| 300 | |a 43 tr. |b Hình ảnh |c 29 cm | ||
| 500 | |a Khóa luận tốt nghiệp khoa Sinh - Môi trường | ||
| 520 | |a Khái quát chung về sinh vật xâm lấn. Đối tượng địa điểm thời gian nội dng và phương pháp nghiên cứu. Kết quả nghiên cứu và thảo luận. | ||
| 653 | |a Điều tra | ||
| 653 | |a Thành phần Loài thực vật xâm lấn | ||
| 653 | |a khu bảo tồn thiên nhiên Sơn Trà | ||
| 653 | |a Đà Nẵng | ||
| 700 | |a Nguyễn Thị Đào |c Th.S |e Hướng dân | ||
| OWN | |a LSP | ||
| AVA | |a UDN50 |b LSP |d 581.59751 NG-H |e available |t Error 5001 Not defined in file expand_doc_bib_avail. |f 1 |g 0 |h N |i 0 |k 1 | ||
| 999 | |a From the UDN01 | ||
| AVA | |a UDN50 |b LSP |d 581.59751 NG-H |e available |t Error 5001 Not defined in file expand_doc_bib_avail. |f 1 |g 0 |h N |i 0 |k 1 | ||
| TYP | |a Monograph | ||
| TYP | |a Printed language | ||
| 980 | |a Mạng thư viện Đại học Đà Nẵng | ||